Countries with the Most North Koreans - Statistics

General Stats
  • This quiz has been taken 56 times
  • The average score is 15 of 20
Answer Stats
# Country % Correct
30,000-50,000 China
100%
33,000 South Korea
100%
220 United States
100%
780 Canada
96%
10,000 Russia
96%
10,000 Japan
94%
600-700 Germany
86%
~50 Australia
84%
700 United Kingdom
84%
~150 Vietnam
84%
~300 Thailand
82%
~90 France
80%
~20 Mongolia
80%
406 Philippines
74%
~60 Sweden
58%
~30 Kazakhstan
56%
~50 Norway
50%
~70 Netherlands
48%
~70 Belgium
46%
~20 Uzbekistan
44%
No matching quizzes found
Score Distribution
Percent of People with Each Score
Percentile by Number Answered
Your Score History
You have not taken this quiz